000 00337nam a22001457a 4500
008 221110b ||||| |||| 00| 0 eng d
020 _a9780763783334
041 _aeng
080 _2THIRD EDITION
_a61
082 _a61
100 _a5
101 _aMJK
245 _aESSENTIAL OF HEALTH CARE MARKETING
_cBERKOWITA E
942 _2udc
_cBK
999 _c58841
_d58841